000 00369nam a2200145Ia 4500
005 20251222153622.0
008 251222s9999||||xx |||||||||||||| ||spa||
020 _a9786124515835
082 _a343.811/V19
100 _aValdivia Delgado, Cesar
245 0 _aLey de Presupuesto de la República 2010:
250 _a1era. ed.
264 _bREAL editores
942 _cLIB
999 _c32009
_d32009